000 00487nam a2200181Ia 4500
005 20250326124751.0
008 250326s9999 xx 000 0 und d
037 _aTextbook
040 _aFMSL
_beng
_cFMSL
041 _aeng
_2eng
084 _aX:89Q K6
_qFMSL
100 _aCarroll P
245 0 _aPractical production and inventory control
_cCarroll P
260 _aNY
_bNY, McGraw-Hill
_c1966
300 _a338p
942 _cTB
_hX:89Q K6
999 _c1275111
_d1275111